Medieval Bhakti Movements in India (Record no. 11279)

MARC details
000 -LEADER
fixed length control field 00624nam a2200241 a 4500
020 ## - INTERNATIONAL STANDARD BOOK NUMBER
ISBN
082 00 - DEWEY DECIMAL CLASSIFICATION NUMBER
Classification number 291.4
Author Cutter BHA
100 ## - MAIN ENTRY--AUTHOR NAME
Author name Battacharyya, N N
245 ## - TITLE STATEMENT
Title Medieval Bhakti Movements in India
Sub title Sri Caitanya Quincetenary Commemoration
260 ## - PUBLICATION, DISTRIBUTION, ETC. (IMPRINT)
Place of publication Delhi
Name of publisher Munshiram Manoharlal Pub
Year of publication 1989
300 ## - PHYSICAL DESCRIPTION
Number of Pages 393p
500 ## - GENERAL NOTE
General note includes index and biblioraphy
505 2# - FORMATTED CONTENTS NOTE
Formatted contents note Index
650 ## - SUBJECT ADDED ENTRY--TOPICAL TERM
Topical Term Bhakti
942 ## - ADDED ENTRY ELEMENTS (KOHA)
Koha item type Books
700 1# -
-- Battacharyya, N N
Holdings
Collection code Home library Current library Date acquired Cost, normal purchase price Full call number Accession Number Koha item type
  Henry Martyn Institute Library Henry Martyn Institute Library 07/19/2007 300.00 291.4 BHA 017275 Books
                   Copyright © 2026 | Henry Martyn Institute | Hyderabad | TS-500052 | INDIA | Implemented by hmi.edu.in
Hit-Count:

Powered by Koha